000 00335nam a22001577a 4500
003 SGT
020 _a81-239-0339-1
082 _a615.19, I15G
100 _aGUPTA, AK
245 _aINTRODUCTION TO PHARMACEUTICS II
250 _a4TH
260 _aDELHI
_bCBS
_c2015
300 _a295
650 _a PHARMACEUTICS
942 _2ddc
_cBK
_066
999 _c8143
_d8143